[Event "Pierrefitte op"]
[Site "Pierrefitte"]
[Date "2003.09.27"]
[Round "1"]
[White "N'Guyen, Pierre"]
[Black "Symoens, David"]
[Result "1-0"]
[WhiteElo "1370"]
[BlackElo "1820"]
[PlyCount "97"]
[EventDate "2003.04.27"]
[EventType "swiss (rapid)"]
[EventRounds "7"]
[EventCountry "FRA"]
[SourceTitle "EXT 2005"]
[Source "ChessBase"]
[SourceDate "2004.11.15"]
[SourceVersion "1"]
[SourceVersionDate "2004.11.15"]
[SourceQuality "1"]

1. e4 c6 2. d4 d5 3. Nc3 dxe4 4. Nxe4 Bf5 5. Ng3 Bg6 6. h4 h6 7. Nf3 Nd7 8. h5 Bh7 9. Bd3 Bxd3 10. Qxd3 e6 11. Bf4 Ngf6 12. Ne4 Qa5+ 13. Bd2 Qc7 14. 0-0-0 0-0-0 15. Qe2 Nxe4 16. Qxe4 Nf6 17. Qe2 c5 18. Be3 Nd5 19. a3 Nxe3 20. Qxe3 Bd6 21. Qc3 f6 22. Rhe1 Qc6 23. dxc5 Bxc5 24. Rxd8+ Rxd8 25. b4 Bxf2 26. Qxc6+ bxc6 27. Rxe6 Kd7 28. Re2 Bb6 29. Rd2+ Ke6 30. Rxd8 Bxd8 31. Nd4+ Kd5 32. Nf5 Ke5 33. Nxg7 a5 34. g4 axb4 35. a4 Bb6 36. Nf5 Ke4 37. Kb2 Kf4 38. Nxh6 Kg5 39. Nf5 Kxg4 40. h6 Kxf5 41. h7 Ke4 42. h8Q Bd4+ 43. Kb3 c5 44. Qh4+ Kd5 45. Qh1+ Kd6 46. Kc4 f5 47. a5 Ke5 48. a6 f4 49. a7 1-0